AEW All Out 2020 Card - Statistics

General Stats
  • This quiz has been taken 8 times
  • The average score is 17 of 33
Answer Stats
Answer % Correct
Adam Page
100%
Britt Baker
100%
Jon Moxley
100%
Kenny Omega
100%
Cash Wheeler
86%
Chris Jericho
86%
Matt Jackson
86%
MJF
86%
Nick Jackson
86%
Orange Cassidy
86%
Dax Harwood
71%
Hikaru Shida
71%
Isiah Kassidy
71%
Sammy Guevara
71%
Matt Hardy
57%
Big Swole
43%
Dustin Rhodes
43%
Jungle Boy
43%
Marq Quen
43%
Mr. Brodie Lee
43%
Colt Cabana
29%
Evil Uno
29%
Luchasaurus
29%
QT Marshall
29%
Scorpio Sky
29%
Stu Grayson
29%
Thunder Rosa
29%
Alex Reynolds
14%
John Silver
14%
Lance Archer
14%
Joey Janela
0%
Matt Cardona
0%
Serpentico
0%
No matching quizzes found
Score Distribution
Percent of People with Each Score
Percentile by Number Answered
Your Score History
You have not taken this quiz